logo

Bir Sreshtho Munshi Abdur Rouf Library
Jhenaidah Cadet College

বাইয়্যিনাহ্ ড্রীম বাঙলা (প্রথম পর্ব): (Record no. 14031)

MARC details
000 -LEADER
fixed length control field 00856nam a2200229 a 4500
001 - CONTROL NUMBER
JCCL Control Number 14031
003 - CONTROL NUMBER IDENTIFIER
JCCL marc code BD-JhCC
005 - DATE AND TIME OF LATEST TRANSACTION
control field 20240524091110.0
008 - FIXED-LENGTH DATA ELEMENTS--GENERAL INFORMATION
fixed length control field 240524b2021 b |||| ||a| 000 0 b d
020 ## - INTERNATIONAL STANDARD BOOK NUMBER
International Standard Book Number 9789843506894
035 ## - SYSTEM CONTROL NUMBER
system control number (BD-JhCC)14031
040 ## - CATALOGING SOURCE
Original cataloging agency BD-JhCC
Modifying agency BD-JhCC
041 ## - LANGUAGE CODE
Language code of Book bengali
082 ## - DEWEY DECIMAL CLASSIFICATION NUMBER
Classification number 492.7
Author mark and Year BAY 2021
245 ## - TITLE STATEMENT
Title বাইয়্যিনাহ্ ড্রীম বাঙলা (প্রথম পর্ব):
Remainder of title ক্ল্যাসিক্যাল আরবির মৌলিক বিশ্লেষণ /
Statement of responsibility, etc সম্পা:নাঈম আহমেদ ।
260 ## - PUBLICATION, DISTRIBUTION, ETC. (IMPRINT)
Place of publication, distribution, etc ঢাকা:
Name of publisher, distributor, etc বাইয়্যিনাহ্ ইনস্টিটিউট;
Date of publication, distribution, etc 2021.
300 ## - PHYSICAL DESCRIPTION
Pagination 256 p. :
Dimensions 22 cm.
650 ## - SUBJECT ADDED ENTRY--TOPICAL TERM
Topical term or geographic name as entry element Arabic Learning
700 ## - ADDED ENTRY--PERSONAL NAME
Personal name আহমেদ ,নাঈম
942 ## - ADDED ENTRY ELEMENTS (KOHA)
Source of classification or shelving scheme Dewey Decimal Classification
Koha item type Books
Holdings
Source of classification or shelving scheme Damaged status Not for loan Home library Current library Shelving location Date of accession Cost, normal purchase price Total Checkouts Full call number Barcode Date last seen Copy number Method of acquisition Koha item type Currency
Dewey Decimal Classification     JCC Rouf Library JCC Rouf Library General Stacks   598.00   492.7 BAY 2021 17922 05/24/2024 C-1 Purchase Books BDT

JCC Library | Contacts | JCC Home

Last Update on 23 September 2017
Copyright @ 2017-2020 JCC Rouf Library
Rouf Library, Jhenidah Cadet College (JCC), Bangladesh